| 000 | 00746nam a22002537a 4500 | ||
|---|---|---|---|
| 003 | OSt | ||
| 020 | _a9788172338886 | ||
| 082 |
_aCE 580 _bDEE/OB |
||
| 100 | _aDeepak Kumar Verma | ||
| 245 |
_aObjective plant science at a glance: _bfor ICAR-NET, ICAR-SRF, ICAR-JRF, IFS, IAS, SAU's and other competitive examinations |
||
| 260 |
_aJodhpur _bScientific Publishers _c2014 |
||
| 300 | _a294p | ||
| 546 | _aEnglish | ||
| 650 | _aSeed science and technology | ||
| 650 | _aPlant breeding | ||
| 650 | _aCytogenetics | ||
| 650 | _aCompetitive examination | ||
| 650 | _aSeed law enforcement | ||
| 700 | _aBavita Asthir | ||
| 700 | _aDinesh Narayan Bharadwaj | ||
| 700 | _aSantanu Kumar Swain | ||
| 700 | _aVerma, S S | ||
| 942 |
_2ddc _cBK |
||
| 999 |
_c142102 _d142102 |
||